[Event "Rheinhessen-ch HT2"]
[Site "Mainz"]
[Date "2009.04.10"]
[Round "6"]
[White "Grieb, Lukas"]
[Black "Nau, Patrick"]
[Result "1/2-1/2"]
[WhiteElo "777"]
[BlackElo "1530"]
[PlyCount "27"]
[EventDate "2009.04.04"]
[EventType "swiss"]
[EventRounds "7"]
[EventCountry "GER"]
[SourceTitle "EXT 2011"]
[Source "ChessBase"]
[SourceDate "2010.11.26"]
[SourceVersion "1"]
[SourceVersionDate "2010.11.26"]
[SourceQuality "1"]

1. e4 e6 2. d4 d5 3. e5 c5 4. Nf3 Nc6 5. Bb5 Bd7 6. Bxc6 Bxc6 7. 0-0 Qb6 8. Nc3 Nh6 9. Re1 Nf5 10. Be3 Nxe3 11. fxe3 Be7 12. a3 0-0 13. Na2 a5 14. c3 1/2-1/2